Za profesorom Miroslavom Stolinom

Bibliographic Details
Main Author: Konôpka, Jozef, 1940- (Author)
Format: Article
Language:Slovak
PhysicalDescription:Fotogr.
ISSN:0323-1046
Subjects:

MARC

LEADER 00000nab a2200000 a 4500
001 vtls008622687
003 SK-MaSNL
005 20260304144533.0
008 250505c2004 xo fr|p|||||||000 b|slo
015 |a SNBRB2006/02  |2 snkbucl 
035 |a (uuid)1a0f18f0-2ac6-40d1-bc46-08c8310e62e5 
035 |a urn:nbn:sk:snk-abwnb 
035 |a (urnnbn)urn:nbn:sk:snk:ar-0055q7 
038 |a SNKBUCL 
040 |a SNKBUCL  |b slo  |c SNKBUCL  |e AACR2 
041 0 |a slo 
044 |a xo  |c SK 
080 |a 630-051  |2 1997 
080 |a 37-051  |2 1997 
080 |a 929 Stolina, Miroslav  |2 1997 
100 1 |a Konôpka, Jozef,  |d 1940-  |4 aut  |9 89185 
245 1 0 |a Za profesorom Miroslavom Stolinom  |c Jozef Konôpka 
300 |b Fotogr. 
600 1 7 |a Stolina, Miroslav,  |d 1923-2004  |2 snkbucl  |9 85875 
655 7 |a nekrológy  |2 snkbucl  |9 402542 
773 0 |t Lesnícky časopis = Forestry journal  |g Roč. 50, č. 2 (2004), s. 206-207  |x 0323-1046 
850 |a Slovenská národná knižnica 
852 |a Slovenská národná knižnica 
954 |a odborná, vedecká literatúra pôvodná (slovenská)  |2 lita 
958 |a article2022 
958 |a OND 
958 |a BX 
958 |a EUIPO 
999 |c 2931913  |d 2933843